| 000 -LEADER |
| fixed length control field |
00781nam a22002177a 4500 |
| 020 ## - INTERNATIONAL STANDARD BOOK NUMBER |
| ISBN |
9781975216481 |
| 082 ## - DEWEY DECIMAL CLASSIFICATION NUMBER |
| Classification number |
610.7308 |
| Item number |
M244 2025 |
| 100 ## - MAIN ENTRY--AUTHOR NAME |
| Personal name |
Maldonado, Daniel C., author. |
| 245 ## - TITLE STATEMENT |
| Title |
SOAP for family medicine / Daniel C. Maldonado, MD, FAAFP, Cynthia Zuñiga, MD. |
| 250 ## - EDITION STATEMENT |
| Edition statement |
Third edition. |
| 260 ## - PUBLICATION, DISTRIBUTION, ETC. (IMPRINT) |
| Place of publication |
Philadelphia, PA : |
| Name of publisher |
Wolters Kluwer, |
| Year of publication |
©2025. |
| 300 ## - PHYSICAL DESCRIPTION |
| Number of Pages |
xviii, 205 pages ; |
| Other physical details |
21 cm. |
| 500 ## - GENERAL NOTE |
| General note |
Includes index. |
| 650 ## - SUBJECT ADDED ENTRY--TOPICAL TERM |
| Topical Term |
SOAP note (Medical). |
| 650 ## - SUBJECT ADDED ENTRY--TOPICAL TERM |
| Topical Term |
Medical records -- Problem-oriented medical record (POMR). |
| 650 ## - SUBJECT ADDED ENTRY--TOPICAL TERM |
| Topical Term |
Family medicine -- Handbooks, manuals, etc. |
| 650 ## - SUBJECT ADDED ENTRY--TOPICAL TERM |
| Topical Term |
Clinical medicine -- Handbooks, manuals, etc. |
| 650 ## - SUBJECT ADDED ENTRY--TOPICAL TERM |
| Topical Term |
Documentation in medicine. |
| 650 ## - SUBJECT ADDED ENTRY--TOPICAL TERM |
| Topical Term |
Medical students -- Clinical training. |
| 942 ## - ADDED ENTRY ELEMENTS (KOHA) |
| Koha item type |
Books |